Top minerals producing countries - Part 1 - Statistics

General Stats
  • This quiz has been taken 262 times
  • The average score is 12 of 15
Answer Stats
Country % Correct
United States
99%
China
98%
Russia
98%
Canada
97%
Brazil
96%
India
94%
Australia
93%
South Africa
89%
Chile
83%
Democratic Republic of the Congo
81%
Peru
75%
Indonesia
74%
Bolivia
59%
United Arab Emirates
11%
Gabon
6%
No matching quizzes found
Score Distribution
Percent of People with Each Score
Percentile by Number Answered
Your Score History
You have not taken this quiz